000 00505nam a22001577a 4500
999 _c18333
_d18333
003 AR-CdUCM
008 190513b ||||| |||| 00| 0 spa d
040 _aMUNICIPALIDAD PROVINCIAL DEL CUSCO
_cBIBLIOTECA MUNICIPAL DEL CUSCO
082 _a980.2 /
_bM14
100 _aMadariaga, Salvador de
_936896
245 _aCuadro histórico de las indias introducción a Bolívar /
260 _aBuenos Aires :
_bSudamericana,
_c1950.
300 _a1043 páginas ;
_c22 cm.
942 _2ddc
_cLIBROS
945 _awfj